000 00235nmm a2200085Ia 4500
008 220120s9999||||xx |||||||||||||||||und||
100 _aLFY
_910674
245 0 _aDatabase solutions ; MYSQL posstgre SQL 8.2.3, Firebird 2.0.
260 _c2007
999 _c138548
_d138548